000 00714nam a2200289Ia 4500
005 20260324151012.0
008 008 260324s9999 xx 000 0 eng d
020 _a9781003387367
037 _aEBOOK
040 _aCRL
040 _beng
040 _cCRL
041 _2eng
041 _aeng
084 _qCRL
100 _aA. W. Cardinall
_91227938
245 4 _aThe Natives of the Northern Territories of the Gold Coast
245 0 _bTheir Customs, Religion and Folklore
260 _bTaylor and Francis
260 _c1920
365 _a
365 _b150
856 _uhttp://www.taylorfrancis.com/books/9781003387367
942 _cEBOOK
999 _c1838771
_d1838771